Pictures of Fidelman : (Record no. 118551)
[ view plain ]
| 000 -LEADER | |
|---|---|
| fixed length control field | 00922nam a2200289 a 4500 |
| 001 - CONTROL NUMBER | |
| control field | 4439585 |
| 003 - CONTROL NUMBER IDENTIFIER | |
| control field | ARRUPE |
| 005 - DATE AND TIME OF LATEST TRANSACTION | |
| control field | 20131106143625.0 |
| 008 - FIXED-LENGTH DATA ELEMENTS--GENERAL INFORMATION | |
| fixed length control field | 940408s1972 enk 000 0 eng d |
| 010 ## - LIBRARY OF CONGRESS CONTROL NUMBER | |
| LC control number | 94142813 |
| 015 ## - NATIONAL BIBLIOGRAPHY NUMBER | |
| National bibliography number | GB72-6191 |
| 020 ## - INTERNATIONAL STANDARD BOOK NUMBER | |
| International Standard Book Number | 0140033629 (pbk) : |
| Terms of availability | £0.25 |
| 035 ## - SYSTEM CONTROL NUMBER | |
| System control number | (OCoLC)16193145 |
| 040 ## - CATALOGING SOURCE | |
| Original cataloging agency | Uk |
| Transcribing agency | Uk |
| Modifying agency | m.c. |
| -- | DLC |
| 042 ## - AUTHENTICATION CODE | |
| Authentication code | lccopycat |
| 050 00 - LIBRARY OF CONGRESS CALL NUMBER | |
| Classification number | PS3563.A4 |
| Item number | P5 1972 |
| 082 00 - DEWEY DECIMAL CLASSIFICATION NUMBER | |
| Classification number | 813/.54 |
| Edition number | 20 |
| 300 ## - PHYSICAL DESCRIPTION | |
| Dimensions | 18 cm. |
| 100 1# - MAIN ENTRY--PERSONAL NAME | |
| Personal name | Malamud, Bernard. |
| 9 (RLIN) | 3396 |
| 245 10 - TITLE STATEMENT | |
| Title | Pictures of Fidelman : |
| Remainder of title | an exhibition / |
| Statement of responsibility, etc | Bernard Malamud. |
| 260 ## - PUBLICATION, DISTRIBUTION, ETC. (IMPRINT) | |
| Place of publication, distribution, etc | Harmondsworth : |
| Name of publisher, distributor, etc | Penguin, |
| Date of publication, distribution, etc | 1972. |
| 300 ## - PHYSICAL DESCRIPTION | |
| Extent | 139 p. ; |
| 500 ## - GENERAL NOTE | |
| General note | Originally published, New York: Farrar, Straus and Giroux; London: Eyre and Spottiswoode, 1969. |
| 500 ## - GENERAL NOTE | |
| General note | Source: Gift of Ann Malamud, Sept. 8, 1993. |
| Institution to which field applies | DLC |
| 906 ## - LOCAL DATA ELEMENT F, LDF (RLIN) | |
| a | 7 |
| b | cbc |
| c | copycat |
| d | u |
| e | ncip |
| f | 19 |
| g | y-gencatlg |
| 942 ## - ADDED ENTRY ELEMENTS (KOHA) | |
| Source of classification or shelving scheme | Library of Congress Classification |
| Koha item type | Monograph ( Printed materials) |
| Withdrawn status | Lost status | Source of classification or shelving scheme | Damaged status | Not for loan | Home library | Current library | Date acquired | Total Checkouts | Full call number | Barcode | Date last seen | Price effective from | Koha item type |
|---|---|---|---|---|---|---|---|---|---|---|---|---|---|
| Library of Congress Classification | ARRUPE LIBRARY | ARRUPE LIBRARY | 06/11/2013 | PS3563.A4 1972 | 46411166 | 06/11/2013 | 06/11/2013 | Monograph ( Printed materials) |